[Event "GER-ch Blitz"]
[Site "Viernheim"]
[Date "2023.07.15"]
[Round "21"]
[White "Lang, Torsten"]
[Black "Frischmann, Rick"]
[Result "1/2-1/2"]
[WhiteElo "2288"]
[BlackElo "2388"]
[PlyCount "53"]
[EventDate "2023.07.15"]
[EventType "tourn (blitz)"]
[EventRounds "29"]
[EventCountry "GER"]
[SourceTitle "CBM 215 Extra"]
[Source "ChessBase"]
[SourceDate "2023.09.30"]
[SourceVersion "1"]
[SourceVersionDate "2023.09.30"]
[SourceQuality "1"]

1. d4 d5 2. Bf4 Nc6 3. e3 Nf6 4. Nf3 Bg4 5. Be2 e6 6. 0-0 Bd6 7. Bxd6 cxd6 8. Nbd2 0-0 9. a3 Rc8 10. c3 Ne4 11. Nxe4 dxe4 12. Nd2 Bxe2 13. Qxe2 f5 14. f3 d5 15. f4 Kh8 16. Kh1 g5 17. Qh5 Rg8 18. g3 Qf6 19. Qe2 Rc7 20. Rf2 Rcg7 21. Raf1 Ne7 22. c4 gxf4 23. Rxf4 e5 24. dxe5 Qxe5 25. cxd5 Qxd5 26. Nc4 Rd8 27. Rc1 1/2-1/2

[Event "GER-ch blitz"]
[Site "Magdeburg"]
[Date "2022.08.21"]
[Round "8"]
[White "Frischmann, Rick"]
[Black "Krause, Benedict"]
[Result "0-1"]
[WhiteElo "2369"]
[BlackElo "2478"]
[PlyCount "70"]
[EventDate "2022.08.21"]
[EventType "tourn (blitz)"]
[EventRounds "29"]
[EventCountry "GER"]
[EventCategory "5"]
[SourceTitle "CBM 210 Extra"]
[Source "ChessBase"]
[SourceDate "2022.11.30"]
[SourceVersion "1"]
[SourceVersionDate "2022.11.30"]
[SourceQuality "1"]

1. e4 c6 2. d4 d5 3. e5 Bf5 4. Nf3 e6 5. Be2 c5 6. Be3 Qb6 7. Nc3 Nc6 8. 0-0 Qxb2 9. Qe1 c4 10. Rb1 Qxc2 11. Rxb7 Rb8 12. Bd1 Rxb7 13. Bxc2 Bxc2 14. Qc1 Bg6 15. Nd2 Bb4 16. Nxc4 dxc4 17. d5 exd5 18. Nxd5 Nge7 19. Qxc4 0-0 20. Nxb4 Rxb4 21. Qc3 Rc8 22. Rc1 h6 23. Bc5 Rb5 24. a4 Rb1 25. Rxb1 Bxb1 26. h3 Bf5 27. g4 Be6 28. Qe3 Nd5 29. Qf3 Nxe5 30. Qa3 Nf4 31. Bd6 Rc1+ 32. Kh2 Nfd3 33. Bxe5 Rd1 34. Bg3 Bd5 35. Qc3 Rh1# 0-1

[Event "GER-ch blitz"]
[Site "Magdeburg"]
[Date "2022.08.21"]
[Round "28"]
[White "Frischmann, Rick"]
[Black "Voege, Tobias"]
[Result "1-0"]
[WhiteElo "2369"]
[BlackElo "2360"]
[PlyCount "94"]
[EventDate "2022.08.21"]
[EventType "tourn (blitz)"]
[EventRounds "29"]
[EventCountry "GER"]
[EventCategory "5"]
[SourceTitle "CBM 210 Extra"]
[Source "ChessBase"]
[SourceDate "2022.11.30"]
[SourceVersion "1"]
[SourceVersionDate "2022.11.30"]
[SourceQuality "1"]

1. e4 e6 2. d4 d5 3. Nd2 Nf6 4. e5 Nfd7 5. f4 c5 6. c3 Nc6 7. Ndf3 cxd4 8. cxd4 Bb4+ 9. Kf2 Qb6 10. h4 f6 11. Be3 0-0 12. Ne2 fxe5 13. fxe5 Qd8 14. Nf4 Qe8 15. Bd3 Ndb8 16. Kg3 Ne7 17. Kh3 Nf5 18. Bf2 Nc6 19. a3 Ba5 20. g3 Bd7 21. Rc1 Bd8 22. Qd2 Qf7 23. Rhf1 Nce7 24. Ng5 Qe8 25. g4 h6 26. Nf3 Ng6 27. gxf5 exf5 28. Rg1 Nxf4+ 29. Qxf4 Qh5 30. Be2 Qf7 31. Rg3 Kh8 32. Rcg1 Rg8 33. Kh2 Rc8 34. Bd3 Be6 35. Rh3 Qh5 36. Rg2 Rc6 37. Ng5 Qe8 38. Nxe6 Qxe6 39. Qxf5 Qxf5 40. Bxf5 Rf8 41. Bd3 Rc1 42. Rhg3 Bxh4 43. Rxg7 Bg5 44. Rxb7 Bf4+ 45. Kh3 Rh1+ 46. Kg4 h5+ 47. Kf3 Bxe5+ 1-0

[Event "GER-ch blitz"]
[Site "Magdeburg"]
[Date "2022.08.21"]
[Round "18"]
[White "Frischmann, Rick"]
[Black "Vogel, Roven"]
[Result "1/2-1/2"]
[WhiteElo "2369"]
[BlackElo "2516"]
[PlyCount "113"]
[EventDate "2022.08.21"]
[EventType "tourn (blitz)"]
[EventRounds "29"]
[EventCountry "GER"]
[EventCategory "5"]
[SourceTitle "CBM 210 Extra"]
[Source "ChessBase"]
[SourceDate "2022.11.30"]
[SourceVersion "1"]
[SourceVersionDate "2022.11.30"]
[SourceQuality "1"]

1. e4 e5 2. Nf3 Nc6 3. d4 exd4 4. Nxd4 Nf6 5. Nxc6 bxc6 6. e5 Qe7 7. Qe2 Nd5 8. c4 Ba6 9. b3 g6 10. f4 Bg7 11. Qf2 Nf6 12. Ba3 d6 13. Be2 Nd7 14. 0-0 0-0 15. Nc3 Bb7 16. Bf3 Qe6 17. Rad1 Rfb8 18. Ne4 dxe5 19. Ng5 Qe8 20. f5 Nf6 21. fxg6 fxg6 22. Qh4 h6 23. Ne4 Nh7 24. Nc5 Bc8 25. Qe4 Bf5 26. Qxc6 e4 27. Bxe4 Bxe4 28. Qxe4 Qxe4 29. Nxe4 Re8 30. Rfe1 Re6 31. Nc5 Rxe1+ 32. Rxe1 Bf8 33. b4 Rd8 34. Ne6 Rd3 35. Bb2 Bxb4 36. Nf4 Bxe1 37. Nxd3 Bh4 38. Bd4 a6 39. Nc5 a5 40. a4 Nf8 41. Nb3 Ne6 42. Bc3 Kf7 43. Nxa5 Nc5 44. Be5 Nxa4 45. Bxc7 Ke6 46. Nb3 Bf6 47. Kf2 Nb2 48. c5 Kd5 49. Bd6 Kc4 50. Nd2+ Kd5 51. Kf3 Nd3 52. Ne4 Bd4 53. Bf8 Ne5+ 54. Kf4 Nd3+ 55. Kf3 Ne5+ 56. Kf4 Nd3+ 57. Kf3 1/2-1/2

[Event "GER-ch Blitz"]
[Site "Magdeburg"]
[Date "2021.08.01"]
[Round "15"]
[White "Frischmann, Rick"]
[Black "Fridman, Daniel"]
[Result "0-1"]
[WhiteElo "2347"]
[BlackElo "2621"]
[PlyCount "86"]
[EventDate "2021.08.01"]
[EventType "tourn (blitz)"]
[EventRounds "29"]
[EventCountry "GER"]
[EventCategory "5"]
[SourceTitle "CBM 203 Extra"]
[Source "ChessBase"]
[SourceDate "2021.09.30"]
[SourceVersion "1"]
[SourceVersionDate "2021.09.30"]
[SourceQuality "1"]

1. e4 c6 2. d4 d5 3. e5 c5 4. Nf3 Bg4 5. dxc5 Nc6 6. c3 e6 7. Be3 Nge7 8. Bb5 a6 9. Ba4 Qc7 10. 0-0 g6 11. Nbd2 Bg7 12. h3 Bxf3 13. Nxf3 0-0 14. Bd4 Nxe5 15. Nxe5 Bxe5 16. b4 Nf5 17. Bxe5 Qxe5 18. Qd2 a5 19. Rfe1 Qf6 20. Bc2 axb4 21. cxb4 Nd4 22. a4 Qh4 23. Rab1 Rfe8 24. a5 e5 25. Ba4 Re7 26. Rbc1 Rd8 27. c6 bxc6 28. Bxc6 Nb3 29. Qc3 Nxc1 30. Rxc1 d4 31. Qc5 d3 32. a6 Qf6 33. Rd1 e4 34. a7 Rxa7 35. Qxa7 Qxc6 36. Qa5 Rb8 37. Qe5 Re8 38. Qd4 h5 39. h4 Qc2 40. Qa1 d2 41. b5 Rc8 42. b6 Qxd1+ 43. Qxd1 Rc1 0-1

[Event "GER-ch Blitz"]
[Site "Magdeburg"]
[Date "2021.08.01"]
[Round "7"]
[White "Kopylov, Michael"]
[Black "Frischmann, Rick"]
[Result "1-0"]
[WhiteElo "2392"]
[BlackElo "2347"]
[PlyCount "75"]
[EventDate "2021.08.01"]
[EventType "tourn (blitz)"]
[EventRounds "29"]
[EventCountry "GER"]
[EventCategory "5"]
[SourceTitle "CBM 203 Extra"]
[Source "ChessBase"]
[SourceDate "2021.09.30"]
[SourceVersion "1"]
[SourceVersionDate "2021.09.30"]
[SourceQuality "1"]

1. d4 d5 2. c4 Nc6 3. Nc3 Nf6 4. Nf3 dxc4 5. e3 e5 6. Bxc4 exd4 7. exd4 Bd6 8. 0-0 0-0 9. h3 Bf5 10. a3 h6 11. Re1 Qd7 12. Ne5 Bxe5 13. dxe5 Qxd1 14. Nxd1 Nd7 15. Ne3 Be6 16. f4 Nb6 17. Bf1 Nd4 18. Bd2 Rfd8 19. Bc3 Na4 20. Rac1 Nb3 21. Rcd1 Nxc3 22. bxc3 Nc5 23. Rd4 Bb3 24. Nf5 Kf8 25. Bc4 Bxc4 26. Rxc4 b6 27. Rd4 Ne6 28. Rxd8+ Rxd8 29. g3 Rd3 30. Re3 Rd2 31. Kf1 Nc5 32. Nd4 Ra2 33. Nb5 Ke7 34. Nxc7 Rxa3 35. f5 Ra2 36. Nd5+ Kd7 37. g4 Kc6 38. Nb4+ 1-0

[Event "GER-ch Blitz"]
[Site "Magdeburg"]
[Date "2021.08.01"]
[Round "10"]
[White "Pajeken, Jakob Leon"]
[Black "Frischmann, Rick"]
[Result "1-0"]
[WhiteElo "2357"]
[BlackElo "2347"]
[PlyCount "63"]
[EventDate "2021.08.01"]
[EventType "tourn (blitz)"]
[EventRounds "29"]
[EventCountry "GER"]
[EventCategory "5"]
[SourceTitle "CBM 203 Extra"]
[Source "ChessBase"]
[SourceDate "2021.09.30"]
[SourceVersion "1"]
[SourceVersionDate "2021.09.30"]
[SourceQuality "1"]

1. Nf3 d5 2. e3 Nc6 3. c4 d4 4. b4 dxe3 5. fxe3 e5 6. b5 Nb4 7. Nc3 Bf5 8. e4 Bg4 9. d3 Bxf3 10. gxf3 Qh4+ 11. Ke2 0-0-0 12. Nd5 Nxd5 13. cxd5 Bc5 14. Qe1 Qh5 15. Qg3 f5 16. Bh3 Ne7 17. Bg5 Kb8 18. Bxe7 Bxe7 19. Bxf5 Qe8 20. a4 g6 21. Be6 Bc5 22. Qxe5 Rf8 23. Rhf1 Be7 24. Rac1 Bd6 25. Qg7 a6 26. Rb1 a5 27. Rfc1 Bf4 28. b6 Rc8 29. bxc7+ Rxc7 30. Rxc7 Bxc7 31. d6 Qxe6 32. Qxc7+ 1-0

[Event "GER-ch rapid 46th"]
[Site "Plochingen"]
[Date "2020.09.20"]
[Round "8"]
[White "Frischmann, Rick"]
[Black "Hirneise, Jens"]
[Result "0-1"]
[WhiteElo "2347"]
[BlackElo "2289"]
[PlyCount "70"]
[EventDate "2020.09.19"]
[EventType "swiss"]
[EventRounds "9"]
[EventCountry "GER"]
[SourceTitle "CBM 198 Extra"]
[Source "ChessBase"]
[SourceDate "2020.11.30"]
[SourceVersion "1"]
[SourceVersionDate "2020.11.30"]
[SourceQuality "1"]

1. e4 e6 2. d4 d5 3. Nd2 c5 4. exd5 exd5 5. Ngf3 Nc6 6. Bb5 Qe7+ 7. Be2 Qc7 8. 0-0 Nf6 9. Re1 cxd4 10. Nb3 Bb4 11. Bd2 Be7 12. Nbxd4 0-0 13. Bg5 Re8 14. c3 a6 15. Bd3 Bg4 16. Qc2 h6 17. Bh4 Bxf3 18. Nxf3 Nh5 19. Bxe7 Rxe7 20. Rxe7 Nxe7 21. Qd2 Nf6 22. Re1 Nc6 23. Bc2 Rd8 24. Nd4 Qb6 25. Nxc6 bxc6 26. Re7 Kf8 27. Qe2 Ne4 28. Bxe4 Kxe7 29. Bxd5+ Kf8 30. Bb3 Re8 31. Qf1 Qb5 32. Qd1 Qe2 33. Qd6+ Qe7 34. Qxe7+ Kxe7 35. g3 Rd8 0-1